RICS IPD valuation and sale price report European summary 2010 (Record no. 114817)
[ view plain ]
| 000 -LEADER | |
|---|---|
| fixed length control field | 00802cad a22002055a 4500 |
| 001 - CONTROL NUMBER | |
| control field | L157520 |
| 008 - FIXED-LENGTH DATA ELEMENTS--GENERAL INFORMATION | |
| fixed length control field | 120829s2011 xxk f 000 0 eng d |
| 020 ## - INTERNATIONAL STANDARD BOOK NUMBER | |
| International Standard Book Number | 9781842196502 |
| 035 ## - SYSTEM CONTROL NUMBER | |
| System control number | (Sirsi) u157520 |
| 041 0# - LANGUAGE CODE | |
| Language code of text/sound track or separate title | eng |
| 100 1# - MAIN ENTRY--PERSONAL NAME | |
| Personal name | Shamsan, Yarim |
| 245 00 - TITLE STATEMENT | |
| Title | RICS IPD valuation and sale price report European summary 2010 |
| 260 ## - PUBLICATION, DISTRIBUTION, ETC. | |
| Place of publication, distribution, etc. | London |
| Name of publisher, distributor, etc. | RICS |
| Date of publication, distribution, etc. | 2010 |
| 490 #0 - SERIES STATEMENT | |
| Series statement | RICS Research |
| 520 ## - SUMMARY, ETC. | |
| Summary, etc. | Studies data from the IPD Annual Index of France, Germany, the Netherlands and the UK and compares this against the sale prices of commercial properties in those countries |
| 651 #4 - SUBJECT ADDED ENTRY--GEOGRAPHIC NAME | |
| Geographic name | Europe |
| 690 ## - LOCAL SUBJECT ADDED ENTRY--TOPICAL TERM (OCLC, RLIN) | |
| Topical term or geographic name as entry element | Commercial property |
| 9 (RLIN) | 6227 |
| 856 40 - ELECTRONIC LOCATION AND ACCESS | |
| Uniform Resource Identifier | <a href="https://www.rics.org/Global/Downloads/IPD_Valuation_and_Sale_Price_Study_2010.pdf">https://www.rics.org/Global/Downloads/IPD_Valuation_and_Sale_Price_Study_2010.pdf</a> |
| Public note | View the item free of charge at www.rics.org |
| 942 ## - ADDED ENTRY ELEMENTS (KOHA) | |
| Suppress in OPAC | 0 |
| Withdrawn status | Lost status | Source of classification or shelving scheme | Damaged status | Not for loan | Home library | Current library | Shelving location | Date acquired | Total Checkouts | Full call number | Barcode | Date last seen | Copy number | Price effective from | Koha item type |
|---|---|---|---|---|---|---|---|---|---|---|---|---|---|---|---|
| Dewey Decimal Classification | London | London | RICS Boxes | 09/01/2013 | RICS 2010/37 | 30075071 | 06/08/2019 | 1 | 06/08/2019 | Archive |